FC Barcelona Best Scorer By Year - Statistics

General Stats
  • This quiz has been taken 14,211 times
    8,444 since last reset
  • The average score is 10 of 42
Answer Stats
Player % Correct
Lionel Messi
100%
Luis Suárez
95%
Luis Suárez
95%
Robert Lewandowski
93%
Ronaldinho
79%
Samuel Eto'o
74%
Ronaldo
60%
Rivaldo
51%
Jordi Cruyff
45%
Memphis Depay
44%
Romário
33%
Diego Maradona
32%
Hristo Stoichkov
30%
Patrick Kluivert
24%
Ronald Koeman
24%
Gary Lineker
12%
László Kubala
12%
César Rodríguez
7%
Cayetano Ré
5%
Bernd Schuster
4%
Julio Salinas
4%
Carles Rexach
3%
Eulogio Martínez
3%
Johan Neeskens
3%
Quini
3%
Allan Simonsen
2%
Evaristo de Macedo
2%
Hans Krankl
2%
Juan Manuel Asensi
2%
Marcos Alonso
2%
Joaquim Rifé
1%
José Antonio Zaldúa
1%
Josep Maria Fusté
1%
Justo Tejada
1%
Manuel Clares
1%
Marcial Pina
1%
Moreno
1%
Òscar
1%
Ramón Alberto Villaverde
1%
Steve Archibald
1%
José Antonio Barrios
0%
Pedro Zaballa
0%
No matching quizzes found
Score Distribution
Percent of People with Each Score
Percentile by Number Answered
Your Score History
You have not taken this quiz since the last reset